000 00543 a2200181 4500
999 _c7301
_d7301
020 _a0071123121
050 0 0 _aHF 1416 CAT 2002
100 1 _aCateora, Philip R.
_eauthor
245 1 0 _aInternational marketing /
_cPhilip R. Cateora and John L. Graham
250 _a11th ed.
264 _aNew York :
_bMcGraw-Hill,
_c2002
300 _a676p.:
_bill.
500 _aIncludes index
650 0 _aExport marketing.
650 0 _aInternational business enterprises.
700 1 _aGraham, John L.
_eauthor
942 _2lcc
_cBK
_e11th ed.
_h1416
_iCAT
_kHF